| 000 | 00650nam a2200193 a 4500 | ||
|---|---|---|---|
| 005 | 20140310183458.0 | ||
| 008 | 100225s19uu xx 00 eng d | ||
| 020 | _a9780230606456 | ||
| 050 |
_aHQ 770.4 _b.P535 2009 |
||
| 100 | _aPickhardt, Carl E. | ||
| 245 |
_aStop the screaming : _bhow to turn angry conflict with your child into positive communication / _cCarl E. Pickhardt. |
||
| 260 |
_aNew York : _bPALGRAVE MACMILLAN, _c2009. |
||
| 300 |
_a237 p. : _c23 cm. |
||
| 521 | _aPSYCH | ||
| 650 | _aBehavior disorder in children. | ||
| 650 |
_aProblem solving _xchildren. 3. Discipline of children. |
||
| 942 |
_cBK _2lcc _kFOR |
||
| 999 |
_c23726 _d23726 |
||